South America / (Record no. 747)
[ view plain ]
| 000 -LEADER | |
|---|---|
| fixed length control field | 00994nam a2200313 a 4500 |
| 005 - DATE AND TIME OF LATEST TRANSACTION | |
| control field | 20260322212032.0 |
| 008 - FIXED-LENGTH DATA ELEMENTS--GENERAL INFORMATION | |
| fixed length control field | data |
| 010 ## - LIBRARY OF CONGRESS CONTROL NUMBER | |
| LC control number | 98104813 |
| 020 ## - INTERNATIONAL STANDARD BOOK NUMBER | |
| International Standard Book Number | 0395850592 |
| 020 ## - INTERNATIONAL STANDARD BOOK NUMBER | |
| International Standard Book Number | 9780395850596 |
| 040 ## - CATALOGING SOURCE | |
| Original cataloging agency | WaS |
| Transcribing agency | WaS |
| Modifying agency | DLC |
| 042 ## - AUTHENTICATION CODE | |
| Authentication code | lccopycat |
| 043 ## - GEOGRAPHIC AREA CODE | |
| Geographic area code | s------ |
| 050 04 - LIBRARY OF CONGRESS CALL NUMBER | |
| Classification number | F2211 |
| Item number | .S65 1997 |
| 082 00 - DEWEY DECIMAL CLASSIFICATION NUMBER | |
| Classification number | 918.04/39 |
| Edition information | 21 |
| 092 ## - LOCALLY ASSIGNED DEWEY CALL NUMBER (OCLC) | |
| Classification number | 918.04 S65 1997 |
| 001 - CONTROL NUMBER | |
| control field | data |
| 245 00 - TITLE STATEMENT | |
| Title | South America / |
| Statement of responsibility, etc. | edited by Tony Perrottet, Eduardo Gil & Brian Bell. |
| 250 ## - EDITION STATEMENT | |
| Edition statement | 3rd ed. |
| 260 ## - PUBLICATION, DISTRIBUTION, ETC. | |
| Place of publication, distribution, etc. | Boston, Mass. : |
| Name of publisher, distributor, etc. | Distributed in the U.S. by Houghton Mifflin, |
| Place of publication, distribution, etc. | Boston, Mass. : |
| Name of publisher, distributor, etc. | Distributed in the U.S. by Houghton Mifflin, |
| Date of publication, distribution, etc. | 1997. |
| 300 ## - PHYSICAL DESCRIPTION | |
| Extent | 391 p. : |
| Other physical details | ill. (some col.), col. maps ; |
| Dimensions | 23 cm. |
| 440 #0 - SERIES STATEMENT/ADDED ENTRY--TITLE | |
| Title | Insight guides ; |
| Volume/sequential designation | 116 |
| 504 ## - BIBLIOGRAPHY, ETC. NOTE | |
| Bibliography, etc. note | Includes bibliographical references and index. |
| 651 #0 - SUBJECT ADDED ENTRY--GEOGRAPHIC NAME | |
| Geographic name | South America |
| General subdivision | Guidebooks. |
| 651 #0 - SUBJECT ADDED ENTRY--GEOGRAPHIC NAME | |
| Geographic name | South America |
| General subdivision | Description and travel. |
| 700 1# - ADDED ENTRY--PERSONAL NAME | |
| Personal name | Perrottet, Tony. |
| 700 1# - ADDED ENTRY--PERSONAL NAME | |
| Personal name | Gil, Eduardo. |
| 700 1# - ADDED ENTRY--PERSONAL NAME | |
| Personal name | Bell, Brian, |
| Dates associated with a name | 1944- |
| Withdrawn status | Lost status | Damaged status | Not for loan | Home library | Current library | Shelving location | Date acquired | Total checkouts | Full call number | Barcode | Date last seen | Price effective from | Koha item type |
|---|---|---|---|---|---|---|---|---|---|---|---|---|---|
| Centerville | Centerville | General stacks | 22/03/2026 | 918.04/39 21 | BC0010766 | 22/03/2026 | 22/03/2026 | Books |